00370nam a2200157Ia 4500003000400000005001700004008004100021040000700062041000800069082001600077100001900093245003100112260004800143300000900191650001200200OSt20260318145902.0250729s2008 xx 000 0 und d cAL akan a494.50 KARK aKarnataka Govt aKannada kasthuri - 8th std aBangalorebKarnataka Text Book Socityc2008 a206p aKannada